LEADER 01106nam a2200265 i 4500 001 000000162535 003 CaOOAMICUS 005 20251107115528.0 008 070627s1976 it u000 u ita u 013 $a139899 040 $aSeMil$bita 100 1 $aBouthoul, Gaston.$0(OLS)http://semarc/name/15159 245 13$aLa biosociologia /$cil testo di Gaston Bouthoul con i confronti antologici da J. van Lawick-Goodall ... [et al.]. 260 $aMessina ; Firenze :$bD'Anna,$c1976. 300 $a192 p. ;$c21 cm. 490 0 $aTangenti : proposte e verifiche culturali ;$v59 650 4$aBiosociologia.$0(OLS)http://semarc/subject/17856 700 1 $aLawick-Goodall, J. : van.$0(OLS)http://semarc/name/43027 830 0$aTangenti ;$v59.$0(OLS)http://semarc/title/10577 850 $aSeMil 852 $aSeMil$W1$xVenegono$y1$m3N I 635$j113879$B113879$CSeMilBibl$Z2$F125658 $81 961 $aOmaggio: Ghiringhelli prof. Livio 996 $6245$aLa biosociologia$9(OLS)http://semarc/title/146268 996 $6260$aMessina ; Firenze :$bD'Anna$9(OLS)http://semarc/publisher/30286 LEADER 01230nam a2200277 i 4500 001 000000163173 003 CaOOAMICUS 005 20240409151811.0 008 070719s192u fr u000 u fre u 040 $aSeMil$bita 100 1 $aBoissier, Gaston <1823-1908>.$0(OLS)http://semarc/name/1066 245 10$aNouvelles promenades archéologiques :$bHorace et Virgile /$cGaston Boissier. 250 $aNeuvième édition. 264 1$aParis :$bLibrairie Hachette,$c[1924] 300 $a376 p., [2] carte di tav. ;$c18 cm. 490 1 $aBibliothèque d'histoire 600 04$aOrazio Flacco, Quinto <65-8 a.C.>.$0(OLS)http://semarc/subject/31385 600 04$aVirgilio Marone, Publio <70-19 a.C.>.$0(OLS)http://semarc/subject/3257 650 4$aArcheologia - Italia.$0(OLS)http://semarc/subject/29733 830 0$aBibliothèque d'histoire.$0(OLS)http://semarc/title/23812 850 $aSeMil 852 $aSeMil$W1$xVenegono$y1$m1X I 257$j247519$B114487$CSeMilBibl$Z2$F125295 $81 961 $aRecupero: Altro 996 $6245$aNouvelles promenades archéologiques :$bHorace et Virgile$9(OLS)http://semarc/title/232786 996 $6264$aParis :$bLibrairie Hachette$9(OLS)http://semarc/publisher/33597